| 000 | 00482nam a22001697a 4500 | ||
|---|---|---|---|
| 003 | OSt | ||
| 005 | 20250701153820.0 | ||
| 008 | 250701b |||||||| |||| 00| 0 eng d | ||
| 020 | _a9789366161686 | ||
| 100 | _aSreevani, R. | ||
| 245 | _aA Guide to Mental Health & Psychiatric Nursing Semester 5 & 6, | ||
| 250 | _a 6th Edition | ||
| 260 |
_aNew Delhi _bJaypee Brothers Medical Publishers _c2025 |
||
| 300 | _aXXXIV;553P. | ||
| 700 |
_aReddemma, K. _9212477 |
||
| 942 |
_2ddc _cDB |
||
| 999 |
_c367131 _d367131 |
||